[Event "FIDE World Rapid 2014"]
[Site "Dubai UAE"]
[Date "2014.06.17"]
[Round "10.18"]
[White "Sargissian, Gabriel"]
[Black "Wojtaszek, Radoslaw"]
[Result "1/2-1/2"]
[WhiteTitle "GM"]
[BlackTitle "GM"]
[WhiteElo "2686"]
[BlackElo "2715"]
[WhiteFideId "13300881"]
[BlackFideId "1118358"]
[EventDate "2014.06.16"]

1. c4 Nf6 2. Nf3 e6 3. g3 d5 4. Bg2 dxc4 5. Qa4+ Nbd7 6. Qxc4 a6 7. Qc2 c5 8.
Nc3 Qc7 9. d4 cxd4 10. Nxd4 Bc5 11. Nb3 Bd6 12. O-O O-O 13. Be3 Ne5 14. Rac1
Neg4 15. Bg5 h6 16. Bxf6 Nxf6 17. Ne4 Qxc2 18. Nxf6+ gxf6 19. Rxc2 a5 20. Rd1
Be7 21. Nc5 Rb8 22. Ne4 f5 23. Nd6 b6 24. Rc7 Bf6 25. Bf3 Be5 26. Kg2 Ba6 27.
Ra7 Rfd8 28. Rxa6 Rxd6 29. Rxd6 Bxd6 30. Ra7 Kf8 31. Bh5 Be7 32. b3 Rc8 33. Rb7
Rc6 34. h3 Rd6 35. a3 Rc6 36. b4 axb4 37. axb4 e5 38. b5 Rf6 39. e3 Bc5 40. Be2
f4 41. exf4 exf4 42. g4 Re6 43. Kf3 Re7 44. Rb8+ Re8 45. Rxe8+ Kxe8 46. h4 Kf8
47. g5 hxg5 48. hxg5 Kg7 49. Ke4 1/2-1/2

[Event "FIDE World Rapid 2014"]
[Site "Dubai UAE"]
[Date "2014.06.17"]
[Round "10.19"]
[White "Vallejo Pons, Francisco"]
[Black "Lenic, Luka"]
[Result "1-0"]
[WhiteTitle "GM"]
[BlackTitle "GM"]
[WhiteElo "2698"]
[BlackElo "2659"]
[WhiteFideId "2205530"]
[BlackFideId "14603853"]
[EventDate "2014.06.16"]

1. e4 c6 2. Nc3 d5 3. Nf3 Bg4 4. d4 e6 5. h3 Bh5 6. g4 Bg6 7. exd5 exd5 8. Qe2+
Qe7 9. Be3 Nd7 10. h4 h5 11. g5 Bf5 12. O-O-O O-O-O 13. Re1 Bg4 14. Bg2 Qb4 15.
Bd2 Qb6 16. Bh3 Bxh3 17. Rxh3 Bd6 18. Ne5 Bxe5 19. dxe5 Nc5 20. Rf3 Qc7 21. g6
fxg6 22. e6 Nf6 23. Bf4 Qb6 24. Qe5 Na6 25. e7 Rd7 26. Bh6 Re8 27. Bxg7 Ng4 28.
Rf8 Nc7 29. Qf4 Qxf2 30. Qxf2 Nxf2 31. Rxf2 Rdxe7 32. Rfe2 Rxe2 33. Rxe2 Ne6 34.
Bh6 Kd7 35. Rg2 Rg8 36. Ne2 Nd8 37. Be3 Nf7 38. Nf4 Ne5 39. Bxa7 Rf8 40. Nxg6
Rf1+ 41. Kd2 Nc4+ 42. Ke2 Rc1 43. Kd3 Nxb2+ 44. Kc3 Nc4 45. Bd4 Re1 46. Nf4 b6
47. Nd3 Re4 48. Bxb6 Rxh4 49. Rg7+ Kd6 50. Bc5+ Ke6 51. a4 Rh1 52. Rg1 Rh2 53.
Ra1 Nd2 54. a5 Ne4+ 55. Kb3 Rh3 56. Kb2 Rf3 57. a6 Rf8 1-0

[Event "FIDE World Rapid 2014"]
[Site "Dubai UAE"]
[Date "2014.06.17"]
[Round "10.20"]
[White "Moiseenko, Alexander"]
[Black "Fedoseev, Vladimir3"]
[Result "1-0"]
[WhiteTitle "GM"]
[BlackTitle "GM"]
[WhiteElo "2707"]
[BlackElo "2662"]
[WhiteFideId "14102560"]
[BlackFideId "24130737"]
[EventDate "2014.06.16"]

1. d4 Nf6 2. c4 g6 3. Nc3 d5 4. cxd5 Nxd5 5. e4 Nxc3 6. bxc3 Bg7 7. Qa4+ Nd7 8.
Nf3 O-O 9. Be2 b6 10. O-O Bb7 11. e5 e6 12. Bg5 Qc8 13. Rfd1 f6 14. Bc4 Bxf3 15.
Bxe6+ Kh8 16. Bxd7 Bxd1 17. Rxd1 Qd8 18. Bh4 g5 19. Bg3 h5 20. e6 f5 21. Re1 Bf6
22. Qc6 Qe7 23. Bxc7 Rac8 24. d5 Rxc7 25. Qxc7 Qg7 26. d6 Bxc3 27. Rc1 Bb2 28.
e7 1-0

[Event "FIDE World Rapid 2014"]
[Site "Dubai UAE"]
[Date "2014.06.17"]
[Round "10.21"]
[White "Polgar, Judit"]
[Black "Bacrot, Etienne"]
[Result "0-1"]
[WhiteTitle "GM"]
[BlackTitle "GM"]
[WhiteElo "2685"]
[BlackElo "2720"]
[WhiteFideId "700070"]
[BlackFideId "605506"]
[EventDate "2014.06.16"]

1. e4 e5 2. Nf3 Nc6 3. Bb5 Nf6 4. O-O Nxe4 5. Re1 Nd6 6. Nxe5 Be7 7. Bf1 Nxe5 8.
Rxe5 O-O 9. Nc3 Ne8 10. d4 Bf6 11. Re1 d5 12. Bf4 c6 13. Be5 Bf5 14. Bd3 Bxd3
15. Qxd3 Nd6 16. b3 Re8 17. Re2 g6 18. Rae1 Nf5 19. h3 Bxe5 20. dxe5 Qg5 21. Nb1
Ng7 22. Nd2 Ne6 23. Nf3 Qh6 24. Qe3 Qxe3 25. Rxe3 a5 26. a4 b5 27. Ra1 d4 28.
Ree1 Red8 29. Red1 Rd5 30. g3 Rc8 31. axb5 cxb5 32. Rxa5 Rxc2 33. Ra6 Rc3 34.
Kg2 Rxb3 35. Rd6 Rc5 36. Nxd4 Nxd4 37. R1xd4 Rxe5 38. Rf4 Re7 39. Rb6 Rb2 40. g4
Kg7 41. Rf3 h6 42. Rf4 Re6 43. Rb7 Rf6 44. Rxf6 Kxf6 45. h4 b4 46. Rb6+ Ke5 47.
h5 gxh5 48. gxh5 f6 49. Kg3 b3 50. Rb5+ Kd4 51. Rb6 Rb1 52. Kf3 Kc4 53. Rc6+ Kb5
54. Rxf6 Rh1 55. Rf8 Rxh5 56. Re8 Kc4 57. Kg4 0-1

[Event "FIDE World Rapid 2014"]
[Site "Dubai UAE"]
[Date "2014.06.17"]
[Round "10.22"]
[White "Bologan, Viktor"]
[Black "Potkin, Vladimir"]
[Result "1-0"]
[WhiteTitle "GM"]
[BlackTitle "GM"]
[WhiteElo "2661"]
[BlackElo "2621"]
[WhiteFideId "13900048"]
[BlackFideId "4131061"]
[EventDate "2014.06.16"]

1. e4 c5 2. Nf3 e6 3. d4 cxd4 4. Nxd4 Nc6 5. Nc3 Qc7 6. Be2 Nf6 7. O-O Be7 8.
Be3 O-O 9. f4 d6 10. Kh1 Nxd4 11. Bxd4 e5 12. Be3 a6 13. a4 exf4 14. Rxf4 Be6
15. a5 Rac8 16. Bb6 Qb8 17. Bd4 Nd7 18. Bg4 Ne5 19. Nd5 Bg5 20. Bxe5 dxe5 21.
Rf1 Rcd8 22. c4 Bxd5 23. cxd5 g6 24. Ra3 Rd6 25. Raf3 Kg7 26. Qc2 Qd8 27. Qc3
Bf6 28. b4 h5 29. Bh3 Qe7 30. g3 h4 31. Kg2 hxg3 32. hxg3 b6 33. Bg4 Qd8 34.
R1f2 Qe7 35. Bc8 bxa5 36. bxa5 Rh8 37. Bg4 Rf8 38. Qb4 Qd8 39. Rc2 Qb8 40. Qa3
Be7 41. Qc3 Rf6 42. Rxf6 Bxf6 43. Rf2 Rd8 44. Rb2 Qd6 45. Rb6 Qe7 46. Rxa6 Bg5
47. Rc6 Re8 48. d6 Qa7 49. d7 Rb8 50. Qxe5+ Kh6 51. Rc8 1-0

[Event "FIDE World Rapid 2014"]
[Site "Dubai UAE"]
[Date "2014.06.17"]
[Round "10.23"]
[White "Laznicka, Viktor"]
[Black "Matlakov, Maxim"]
[Result "0-1"]
[WhiteTitle "GM"]
[BlackTitle "GM"]
[WhiteElo "2679"]
[BlackElo "2689"]
[WhiteFideId "316385"]
[BlackFideId "4168003"]
[EventDate "2014.06.16"]

1. d4 d5 2. c4 c6 3. Nf3 Nf6 4. g3 Bg4 5. Ne5 Bf5 6. cxd5 cxd5 7. Nc3 Nc6 8. f3
Rc8 9. g4 Bd7 10. Nxd7 Qxd7 11. g5 Nh5 12. e4 e6 13. Bh3 Bb4 14. O-O Bxc3 15.
bxc3 O-O 16. c4 dxc4 17. d5 Rfd8 18. Bg4 g6 19. Bb2 Qe7 20. Qc1 Qc5+ 21. Kh1 Nd4
22. Qc3 e5 23. Bxc8 Qxc8 24. f4 Qg4 25. Qe3 Nc2 26. Qf2 Nxa1 27. Bxe5 c3 28.
Rxa1 Rc8 29. Qg2 Qh4 30. Qf3 c2 31. Rc1 h6 32. d6 hxg5 33. d7 Rd8 34. Rxc2 g4
35. Qd1 Kh7 36. Kg1 g3 37. hxg3 Qxg3+ 38. Rg2 Qe3+ 39. Kh2 Nxf4 40. Rg4 Qh3+ 41.
Kg1 Qe3+ 42. Kh2 Qh3+ 43. Kg1 Nh5 44. Bc7 Nf6 45. Bxd8 Nxg4 46. Bc7 Qe3+ 47. Kg2
Qf2+ 48. Kh3 Ne3 49. Qh1 g5 50. Bg3 Qd2 51. Be5 Qxd7+ 52. Kg3+ Kg6 53. Qf3 Qe6
54. Bc3 Nc4 55. e5 Qf5 56. Qd5 Qf4+ 57. Kh3 g4+ 58. Kh4 Qh2+ 0-1

[Event "FIDE World Rapid 2014"]
[Site "Dubai UAE"]
[Date "2014.06.17"]
[Round "10.24"]
[White "Efimenko, Zahar"]
[Black "Bartel, Mateusz"]
[Result "1-0"]
[WhiteTitle "GM"]
[BlackTitle "GM"]
[WhiteElo "2648"]
[BlackElo "2641"]
[WhiteFideId "14107201"]
[BlackFideId "1112635"]
[EventDate "2014.06.16"]

1. e4 c5 2. Nf3 d6 3. d4 cxd4 4. Nxd4 Nf6 5. Nc3 Nc6 6. g3 g6 7. Nde2 Bg7 8. Bg2
Bd7 9. h3 Qc8 10. b3 O-O 11. Bb2 Rb8 12. Rb1 b5 13. Nd5 Nxd5 14. exd5 Bxb2 15.
Rxb2 Nb4 16. c3 Na6 17. h4 Nc5 18. O-O Bg4 19. Qd4 Bxe2 20. Rxe2 Rb7 21. Rfe1
Re8 22. Bf3 Qf5 23. Re3 Rd8 24. h5 Qf6 25. Rxe7 Qxe7 26. Rxe7 Rxe7 27. Qf6 Ree8
28. h6 Kf8 29. b4 Nb7 30. Bg4 Re5 31. Be6 1-0

[Event "FIDE World Rapid 2014"]
[Site "Dubai UAE"]
[Date "2014.06.17"]
[Round "10.25"]
[White "Meier, Georg"]
[Black "Riazantsev, Alexander"]
[Result "1/2-1/2"]
[WhiteTitle "GM"]
[BlackTitle "GM"]
[WhiteElo "2632"]
[BlackElo "2692"]
[WhiteFideId "4675789"]
[BlackFideId "4125029"]
[EventDate "2014.06.16"]

1. Nf3 d5 2. g3 c6 3. Bg2 Bf5 4. O-O e6 5. c4 dxc4 6. Na3 Bxa3 7. bxa3 Nf6 8.
Bb2 Be4 9. Qc1 b5 10. Rd1 O-O 11. d3 cxd3 12. Ne5 Qb6 13. Nxd3 Nbd7 14. Bxe4
Nxe4 15. Qf4 Nef6 16. Ne5 Nxe5 17. Bxe5 Nd5 18. Rxd5 cxd5 19. Bxg7 Kxg7 20. Qg5+
Kh8 21. Qf6+ Kg8 22. Qg5+ Kh8 23. Qf6+ Kg8 1/2-1/2

[Event "FIDE World Rapid 2014"]
[Site "Dubai UAE"]
[Date "2014.06.17"]
[Round "10.27"]
[White "Cheparinov, Ivan"]
[Black "Mchedlishvili, Mikheil"]
[Result "1/2-1/2"]
[WhiteTitle "GM"]
[BlackTitle "GM"]
[WhiteElo "2682"]
[BlackElo "2632"]
[WhiteFideId "2905540"]
[BlackFideId "13600966"]
[EventDate "2014.06.16"]

1. d4 d6 2. Nf3 g6 3. e4 Bg7 4. c3 Nf6 5. Bd3 O-O 6. O-O Nc6 7. Nbd2 e5 8. Re1
Nd7 9. Nb3 b6 10. Bg5 f6 11. Be3 Ne7 12. Qc2 Kh8 13. Rad1 Qe8 14. Qc1 Ng8 15.
Nbd2 Bb7 16. Qc2 Ne7 17. Nf1 Qf7 18. Qb3 Qxb3 19. axb3 a5 20. Ng3 Rfd8 21. h4
Ng8 22. h5 Bh6 23. Bb5 Nf8 24. Bc4 Bxe3 25. Rxe3 Kg7 26. Nh4 Nh6 27. Red3 a4 28.
dxe5 fxe5 29. Nf3 Ng4 30. hxg6 hxg6 31. Ng5 axb3 32. Bxb3 Ra5 33. f3 Nf6 34.
R3d2 Rda8 35. Kf2 N6h7 36. Nxh7 Nxh7 37. Nf1 Nf6 38. Ne3 Rf8 39. Kg1 Rfa8 40.
Bc4 Bc6 41. Bd3 Ra1 42. Rxa1 Rxa1+ 43. Kf2 Ra2 44. Bc4 Ra1 45. Rd1 Rxd1 46. Nxd1
Bd7 47. Ne3 g5 48. Nd5 Nxd5 49. Bxd5 Kf6 50. Ke3 Bb5 51. Kf2 Bd7 52. Ke3 Bb5 53.
Kf2 Bd7 1/2-1/2

[Event "FIDE World Rapid 2014"]
[Site "Dubai UAE"]
[Date "2014.06.17"]
[Round "10.28"]
[White "Eljanov, Pavel"]
[Black "Volokitin, Andrei"]
[Result "1/2-1/2"]
[WhiteTitle "GM"]
[BlackTitle "GM"]
[WhiteElo "2723"]
[BlackElo "2638"]
[WhiteFideId "14102951"]
[BlackFideId "14107090"]
[EventDate "2014.06.16"]

1. d4 Nf6 2. c4 g6 3. Nc3 d5 4. cxd5 Nxd5 5. e4 Nxc3 6. bxc3 Bg7 7. Bb5+ c6 8.
Ba4 O-O 9. Ne2 b5 10. Bb3 Bb7 11. Be3 c5 12. f3 cxd4 13. cxd4 Nc6 14. h4 h5 15.
Kf2 e6 16. Rc1 Rc8 17. Qd2 a5 18. d5 Ne5 19. Rxc8 Bxc8 20. dxe6 Nd3+ 21. Kg3
Bxe6 22. Bxe6 fxe6 23. Rd1 Qc7+ 24. f4 Nb2 25. Qd7 Qc4 26. Bd4 Bxd4 27. Rxd4
Qxe2 28. Qxe6+ Kg7 29. Qe5+ Kg8 30. Qe6+ Kg7 31. Qe5+ Kg8 32. Qe6+ Kg7 33. Qe5+
Kg8 1/2-1/2

[Event "FIDE World Rapid 2014"]
[Site "Dubai UAE"]
[Date "2014.06.17"]
[Round "10.29"]
[White "Mamedov, Rauf"]
[Black "Al-Sayed, Mohammed"]
[Result "1-0"]
[WhiteTitle "GM"]
[BlackTitle "GM"]
[WhiteElo "2659"]
[BlackElo "2505"]
[WhiteFideId "13401653"]
[BlackFideId "12100196"]
[EventDate "2014.06.16"]

1. e4 c5 2. Nf3 d6 3. Bb5+ Bd7 4. Bxd7+ Qxd7 5. O-O Nf6 6. Qe2 Nc6 7. Rd1 g5 8.
c3 g4 9. Nh4 Bh6 10. Na3 Bg5 11. Nf5 e6 12. Ng3 h5 13. d4 Bxc1 14. Raxc1 h4 15.
Nf1 cxd4 16. cxd4 d5 17. e5 Ne4 18. Nb5 a6 19. Nc3 Nxc3 20. Rxc3 Rg8 21. Ne3 g3
22. Ng4 gxf2+ 23. Kxf2 Rg6 24. Nf6+ Rxf6+ 25. exf6 O-O-O 26. Rdc1 Qc7 27. Kg1
Qb6 28. Qf2 Kb8 29. Rb3 Qxd4 30. Rxc6 1-0

[Event "FIDE World Rapid 2014"]
[Site "Dubai UAE"]
[Date "2014.06.17"]
[Round "10.30"]
[White "Dubov, Daniil"]
[Black "Ragger, Markus"]
[Result "1-0"]
[WhiteTitle "GM"]
[BlackTitle "GM"]
[WhiteElo "2614"]
[BlackElo "2632"]
[WhiteFideId "24126055"]
[BlackFideId "1610856"]
[EventDate "2014.06.16"]

1. d4 d5 2. c4 c6 3. Nf3 Nf6 4. e3 Bg4 5. h3 Bh5 6. Nc3 e6 7. g4 Bg6 8. Ne5 Nbd7
9. Nxg6 hxg6 10. Bd2 Bb4 11. cxd5 exd5 12. Bd3 Qe7 13. Qb3 Nxg4 14. Nxd5 cxd5
15. Bxb4 Qh4 16. Qc2 Nxe3 17. Qc7 Qf4 18. Rc1 Qxc7 19. Rxc7 Nc4 20. b3 a5 21.
Bc5 b6 22. bxc4 bxc5 23. cxd5 Kd8 24. d6 cxd4 25. Bb5 Nf6 26. Rxf7 Rb8 27. a4
Re8+ 28. Bxe8 Rb1+ 29. Ke2 d3+ 30. Kf3 Rxh1 31. Bc6 Re1 32. Ra7 1-0

[Event "FIDE World Rapid 2014"]
[Site "Dubai UAE"]
[Date "2014.06.17"]
[Round "10.31"]
[White "Glek, Igor"]
[Black "Kasimdzhanov, Rustam"]
[Result "1-0"]
[WhiteTitle "GM"]
[BlackTitle "GM"]
[WhiteElo "2438"]
[BlackElo "2700"]
[WhiteFideId "4100484"]
[BlackFideId "14200244"]
[EventDate "2014.06.16"]

1. e4 e5 2. Nf3 Nc6 3. Nc3 Nf6 4. g3 d5 5. exd5 Nxd5 6. Bg2 Nxc3 7. bxc3 Be7 8.
O-O O-O 9. Re1 Bf6 10. Rb1 Re8 11. h3 g6 12. Nh2 h5 13. d3 e4 14. d4 Qd5 15. Bf4
Qxa2 16. Nf1 Qd5 17. Nd2 Kg7 18. Nxe4 Bxh3 19. Bxh3 Rxe4 20. Rxe4 Qxe4 21. Bg2
Qf5 22. Rxb7 Ne7 23. Rxc7 Rd8 24. Rxa7 Nd5 25. Bd2 Rc8 26. Ra5 Ne3 27. Qa1 Nxc2
28. Rxf5 Nxa1 29. Rb5 Nc2 30. Rb3 Ra8 31. Bxa8 1-0

[Event "FIDE World Rapid 2014"]
[Site "Dubai UAE"]
[Date "2014.06.17"]
[Round "10.32"]
[White "Inarkiev, Ernesto"]
[Black "Salgado Lopez, Ivan"]
[Result "0-1"]
[WhiteTitle "GM"]
[BlackTitle "GM"]
[WhiteElo "2682"]
[BlackElo "2622"]
[WhiteFideId "4162722"]
[BlackFideId "2257327"]
[EventDate "2014.06.16"]

1. e4 c5 2. Nf3 Nc6 3. Nc3 g6 4. d4 cxd4 5. Nxd4 Bg7 6. Be3 Nf6 7. Bc4 O-O 8.
Bb3 d6 9. f3 Na5 10. Qd2 Bd7 11. Bh6 Nxb3 12. axb3 Bxh6 13. Qxh6 e5 14. Nde2 b5
15. Rd1 b4 16. Nd5 Nxd5 17. Rxd5 Be6 18. Rd2 Qb6 19. Qh4 Rfc8 20. Nc1 a5 21. Qf2
Ra6 22. Qxb6 Rxb6 23. Rf1 Rbc6 24. Rff2 f5 25. Kd1 g5 26. exf5 Bxf5 27. h3 Kf7
28. Nd3 Ke6 29. Rfe2 Bg6 30. Nf2 Ra8 31. Ke1 a4 32. bxa4 Rxa4 33. Ne4 Ra1+ 34.
Kf2 h6 35. c4 Rb1 36. Re3 Bxe4 37. Rxe4 Ra6 38. Re3 Rc1 39. b3 Rb1 40. Red3 Ke7
41. Kg3 h5 42. h4 gxh4+ 43. Kxh4 Rh1+ 44. Kg5 h4 45. c5 dxc5 46. Rd7+ Ke6 47.
Rh7 Rha1 48. Rh6+ Ke7 49. Rh7+ Ke6 50. Rxh4 R6a2 51. Rh6+ Ke7 52. Rh7+ Ke6 53.
Rhd7 Rxd2 54. Rxd2 Ra3 55. Rb2 Kd5 56. Kf5 Kd4 57. g4 Kc3 58. Rg2 Kxb3 59. g5 c4
60. g6 Ra8 61. Kxe5 c3 62. f4 c2 63. Rg1 Kb2 64. f5 c1=Q 65. Rxc1 Kxc1 66. g7 b3
67. f6 b2 68. f7 b1=Q 69. f8=Q Qb5+ 70. Kf4 Qf1+ 71. Ke3 Rxf8 72. Kd4 0-1

[Event "FIDE World Rapid 2014"]
[Site "Dubai UAE"]
[Date "2014.06.17"]
[Round "10.33"]
[White "Ipatov, Alexander"]
[Black "Najer, Evgeniy"]
[Result "1/2-1/2"]
[WhiteTitle "GM"]
[BlackTitle "GM"]
[WhiteElo "2613"]
[BlackElo "2653"]
[WhiteFideId "14116731"]
[BlackFideId "4118987"]
[EventDate "2014.06.16"]

1. b3 d5 2. Bb2 Nf6 3. g3 c5 4. Bg2 Nc6 5. Nf3 d4 6. O-O e5 7. d3 Bd6 8. Nbd2
O-O 9. c3 Re8 10. Rc1 h6 11. Nc4 Bc7 12. Nfd2 Bg4 13. Bxc6 bxc6 14. f3 Bh3 15.
Rf2 Nd5 16. Ne4 Bb6 17. g4 h5 18. g5 Re6 19. Kh1 Kh7 20. Qd2 Bf5 21. Rg1 Kh8 22.
h4 Qc7 23. Qe1 Rd8 24. Bc1 Rde8 25. Bd2 Qd7 26. Rfg2 Qe7 27. Ng3 Bg6 28. Ne4 Bc7
29. Bc1 Bb6 30. Bd2 Qd7 31. Rh2 Kh7 32. Qg3 Qc7 33. Qh3 Nf4 34. Bxf4 exf4 35.
Rc1 Rd8 36. a4 Rd5 37. Qf1 Qd8 38. Nxb6 axb6 39. c4 Rde5 40. Qe1 Qc7 41. Qd2 Rf5
42. Rg2 Re8 43. Ra1 Ra8 44. Kh2 Ra5 45. Rgg1 Qe7 46. Rgb1 Qa7 47. Ra2 Qc7 48.
Rab2 Ra6 49. Ra2 Kg8 50. Rba1 Ra5 51. Rc2 Qe7 52. Rb2 Ra6 53. a5 b5 54. cxb5
cxb5 55. Rc2 b4 56. Rca2 Qc7 57. Qc1 Rd5 58. Qc4 Qc6 59. Qc1 Qc7 60. Qc4 Qc6 61.
Qc1 Qc7 62. Qc4 Qc6 63. Rc2 Bxe4 64. dxe4 Re5 65. Qd3 1/2-1/2

[Event "FIDE World Rapid 2014"]
[Site "Dubai UAE"]
[Date "2014.06.17"]
[Round "10.34"]
[White "Salem, A.R. Saleh"]
[Black "Sokolov, Ivan"]
[Result "1-0"]
[WhiteTitle "GM"]
[BlackTitle "GM"]
[WhiteElo "2581"]
[BlackElo "2650"]
[WhiteFideId "9301348"]
[BlackFideId "14400030"]
[EventDate "2014.06.16"]

1. d4 Nf6 2. c4 c5 3. d5 e5 4. Nc3 d6 5. e4 Nbd7 6. Nf3 Be7 7. g3 a6 8. a4 O-O
9. Bg2 Nb6 10. b3 Rb8 11. O-O Na8 12. Ne1 b6 13. Nd3 Nd7 14. Bd2 Nc7 15. Qc2 Bg5
16. f4 exf4 17. gxf4 Bf6 18. Rae1 Re8 19. Qc1 b5 20. e5 bxc4 21. bxc4 dxe5 22.
d6 Ne6 23. fxe5 Bh4 24. Re4 Nd4 25. Qd1 Bg5 26. Nd5 Bb7 27. Bxg5 Qxg5 28. Rg4
Qh6 29. Nxc5 Bxd5 30. Nxd7 Qe3+ 31. Kh1 Bxg2+ 32. Rxg2 Ne6 33. Nf6+ Kh8 34. Nxe8
Rxe8 35. Rxf7 Qxe5 36. d7 Rd8 37. Re7 1-0

[Event "FIDE World Rapid 2014"]
[Site "Dubai UAE"]
[Date "2014.06.17"]
[Round "10.35"]
[White "Milov, Vadim"]
[Black "Amin, Bassem"]
[Result "1-0"]
[WhiteTitle "GM"]
[BlackTitle "GM"]
[WhiteElo "2622"]
[BlackElo "2635"]
[WhiteFideId "1304364"]
[BlackFideId "10601457"]
[EventDate "2014.06.16"]

1. d4 Nf6 2. c4 e6 3. Nc3 Bb4 4. e3 b6 5. f3 c5 6. d5 O-O 7. e4 Re8 8. Ne2 exd5
9. cxd5 Bb7 10. Kf2 d6 11. Ng3 Nbd7 12. a3 Ba5 13. Nb5 Nf8 14. Nf5 Re5 15. Nbxd6
Bxd5 16. Bf4 Rxf5 17. Nxf5 Ne6 18. Be3 Bb7 19. Bc4 Qf8 20. Qd6 Qe8 21. Qe7 Qxe7
22. Nxe7+ Kf8 23. Nf5 Ne8 24. Rhd1 g6 25. Bh6+ Kg8 26. Ne7+ Kh8 27. Rd7 b5 1-0

[Event "FIDE World Rapid 2014"]
[Site "Dubai UAE"]
[Date "2014.06.17"]
[Round "10.36"]
[White "Maletin, Pavel"]
[Black "Al-Modiahki, Mohamad"]
[Result "1/2-1/2"]
[WhiteTitle "GM"]
[BlackTitle "GM"]
[WhiteElo "2588"]
[BlackElo "2549"]
[WhiteFideId "4146786"]
[BlackFideId "12100030"]
[EventDate "2014.06.16"]

1. d4 Nf6 2. c4 e5 3. dxe5 Ng4 4. Nf3 Bc5 5. e3 Nc6 6. Be2 O-O 7. Nc3 Re8 8. O-O
a5 9. b3 Ncxe5 10. Nxe5 Nxe5 11. Na4 Bf8 12. c5 d6 13. Bb2 Bd7 14. cxd6 Bxd6 15.
Qd4 Qf6 16. Nc5 Bc6 17. Ne4 Qg6 18. Ng3 Rad8 19. Rad1 Nf3+ 20. gxf3 Bxg3 21.
Qxg7+ Qxg7 22. Bxg7 Bxh2+ 23. Kxh2 Kxg7 24. Kg3 Rxd1 25. Rxd1 Re6 26. e4 f5 27.
Bc4 Rd6 28. Re1 b5 29. Be2 fxe4 30. fxe4 Bxe4 31. Bxb5 Rg6+ 32. Kf4 Rf6+ 33. Ke3
Bd5 34. Rg1+ Kf7 35. f4 c6 36. Be2 Re6+ 37. Kf2 Re4 38. Rg4 a4 39. Rh4 axb3 40.
axb3 Rb4 41. Rxh7+ Kf6 42. Bc4 1/2-1/2

[Event "FIDE World Rapid 2014"]
[Site "Dubai UAE"]
[Date "2014.06.17"]
[Round "10.37"]
[White "Andriasian, Zaven"]
[Black "Georgiev, Kiril"]
[Result "1-0"]
[WhiteTitle "GM"]
[BlackTitle "GM"]
[WhiteElo "2611"]
[BlackElo "2644"]
[WhiteFideId "13302000"]
[BlackFideId "2900017"]
[EventDate "2014.06.16"]

1. Nf3 f5 2. d3 d6 3. c4 Nf6 4. Nc3 e5 5. g3 Be7 6. Bg2 O-O 7. O-O Nc6 8. Nd5
Kh8 9. Bd2 a5 10. Rc1 Nxd5 11. cxd5 Nb4 12. Qb3 Bf6 13. a3 Na6 14. Qc4 e4 15.
Nd4 exd3 16. exd3 Nc5 17. Bc3 a4 18. Rfe1 Bd7 19. Ne6 Bxe6 20. dxe6 c6 21. d4
Nb3 22. Rcd1 d5 23. Qe2 Be7 24. Rd3 Na5 25. g4 Nc4 26. Rh3 Qe8 27. f4 Qg6 28. g5
Bd6 29. Bf3 Bxf4 30. Kh1 Qxg5 31. Rg1 Qf6 32. Bh5 Nd6 33. Bb4 g5 34. e7 Rg8 35.
Bxd6 Bxd6 36. e8=Q Raxe8 37. Bxe8 g4 38. Re3 Qxd4 39. Bf7 Bc5 40. Bxg8 Qxe3 41.
Qxe3 Bxe3 42. Re1 Bd4 43. Be6 Bxb2 44. Bxf5 Kg7 45. Rb1 Bxa3 46. Rxb7+ Kf6 47.
Bd7 c5 48. Bxa4 c4 49. Kg2 h5 50. Rh7 d4 51. Bb5 c3 52. Bd3 Ke5 53. Rxh5+ Kf4
54. Kf2 1-0

[Event "FIDE World Rapid 2014"]
[Site "Dubai UAE"]
[Date "2014.06.17"]
[Round "10.38"]
[White "Sandipan, Chanda"]
[Black "Durarbayli, Vasif"]
[Result "0-1"]
[WhiteTitle "GM"]
[BlackTitle "GM"]
[WhiteElo "2594"]
[BlackElo "2590"]
[WhiteFideId "5004225"]
[BlackFideId "13402935"]
[EventDate "2014.06.16"]

1. d4 Nf6 2. Nf3 e6 3. Bf4 b6 4. e3 Bb7 5. Bd3 c5 6. Nbd2 Be7 7. h3 d6 8. O-O
Qc7 9. c3 Nbd7 10. Bh2 Rc8 11. Qe2 Qb8 12. a4 O-O 13. a5 Rfe8 14. Rfd1 Bf8 15.
e4 cxd4 16. cxd4 bxa5 17. Rxa5 Bc6 18. Nc4 Bxe4 19. Bxe4 Nxe4 20. Rda1 Ndf6 21.
Rxa7 Qb5 22. b3 Qxb3 23. Ne3 Nc3 24. Qa6 Ncd5 25. Nxd5 Qxd5 26. Qb7 Qxb7 27.
Rxb7 Ra8 28. Rxa8 Rxa8 29. Bf4 h6 30. g3 Nd5 31. Bd2 Be7 32. Kg2 Ra2 33. Kf1 f5
34. Ke2 Kf7 35. Kd3 Ra3+ 36. Ke2 Kf6 37. g4 g5 38. Rb8 Ra2 39. Kd3 Nf4+ 40. Bxf4
gxf4 41. Rb6 Rxf2 42. Nd2 Rh2 43. gxf5 Rxh3+ 0-1

[Event "FIDE World Rapid 2014"]
[Site "Dubai UAE"]
[Date "2014.06.17"]
[Round "10.39"]
[White "Ghaem Maghami, Ehsan"]
[Black "Anton Guijarro, David"]
[Result "0-1"]
[WhiteTitle "GM"]
[BlackTitle "GM"]
[WhiteElo "2582"]
[BlackElo "2631"]
[WhiteFideId "12500739"]
[BlackFideId "2285525"]
[EventDate "2014.06.16"]

1. c4 e5 2. Nc3 Nc6 3. Nf3 f5 4. g3 Nf6 5. Bg2 d6 6. d3 g6 7. O-O Bg7 8. Rb1 O-O
9. b4 h6 10. b5 Ne7 11. a4 g5 12. c5 Ng6 13. cxd6 cxd6 14. Qb3+ Kh8 15. Ba3 Qe7
16. b6 a6 17. Nd5 Nxd5 18. Qxd5 Rd8 19. Nd2 e4 20. dxe4 Be6 21. Qa5 f4 22. Nf3
g4 23. Nd2 Be5 24. Bb2 Qg5 25. Rfc1 fxg3 26. hxg3 Ba2 27. Bxe5+ Nxe5 28. Qb4
Bxb1 29. Rxb1 Rac8 30. Qb2 Qf6 31. f4 gxf3 32. exf3 Rg8 33. Nf1 Kg7 34. Ne3 Kh8
35. Nf5 Rc5 36. f4 Ng4 37. Qxf6+ Nxf6 38. Rb2 h5 39. Nxd6 Rxg3 40. Nxb7 Rc1+ 41.
Kf2 h4 42. Nd6 Ng4+ 0-1

[Event "FIDE World Rapid 2014"]
[Site "Dubai UAE"]
[Date "2014.06.17"]
[Round "10.40"]
[White "Moradiabadi, Elshan"]
[Black "Lu, Shanglei"]
[Result "1/2-1/2"]
[WhiteTitle "GM"]
[BlackTitle "GM"]
[WhiteElo "2586"]
[BlackElo "2546"]
[WhiteFideId "12501255"]
[BlackFideId "8603332"]
[EventDate "2014.06.16"]

1. d4 d5 2. c4 e6 3. Nc3 Nf6 4. Nf3 c6 5. Bg5 dxc4 6. a4 Bb4 7. e3 Nbd7 8. Bxc4
Qa5 9. O-O Bxc3 10. bxc3 Qxc3 11. Rc1 Qa5 12. Qc2 O-O 13. e4 h6 14. Bh4 b6 15.
Ba2 Bb7 16. e5 Nd5 17. Bb1 g6 18. Qe4 c5 19. Qg4 Kg7 20. dxc5 Nxc5 21. Nd4 Rae8
22. Rfd1 Nd7 23. Nb5 h5 24. Qg3 Rc8 25. Nd6 Rxc1 26. Rxc1 Qxa4 27. Nxb7 Rc8 28.
Rf1 Nf4 29. Qe3 Rc3 30. Bf6+ Nxf6 31. exf6+ Kh7 32. Qe5 Qc4 33. g3 Rc1 34. Re1
Qd5 35. gxf4 Qxe5 36. Rxc1 Qxf4 37. Re1 Qd2 38. Kf1 Qd7 39. Be4 Kh6 40. f3 Kg5
41. Ke2 Qc7 42. Ra1 Qxh2+ 43. Kd3 a5 44. Rb1 Qc7 45. Kd2 a4 46. Rc1 Qd7+ 47. Kc2
h4 48. Kb2 Qb5+ 49. Ka2 h3 50. Rb1 Qxb1+ 51. Kxb1 Kf4 52. Nd6 h2 53. Nxf7 h1=Q+
54. Ka2 Qh4 1/2-1/2